Cloud Computing for Science and Engineering/ (Record no. 174093)

MARC details
000 -LEADER
fixed length control field 00587nam a22001937a 4500
005 - DATE AND TIME OF LATEST TRANSACTION
control field 20200317124737.0
010 ## - LCCN (DPL NO)
LC control number ENG-128080
020 ## - INTERNATIONAL STANDARD BOOK NUMBER
International Standard Book Number 9789388028790
Terms of availability 995.00
035 ## - SYSTEM CONTROL NUMBER
System control number EN-111612
037 ## - SOURCE OF ACQUISITION
Source of stock number/acquisition DBAD/PUB
082 ## - DEWEY DECIMAL CLASSIFICATION NUMBER
Classification number 004.6782
100 ## - MAIN ENTRY--PERSONAL NAME
Personal name Foster,Ian
245 ## - TITLE STATEMENT
Title Cloud Computing for Science and Engineering/
Statement of responsibility, etc by Ian Foster [and] Dennis B.Gannon
260 ## - PUBLICATION, DISTRIBUTION, ETC. (IMPRINT)
Place of publication, distribution, etc Delhi
Name of publisher, distributor, etc PHI Learning
Date of publication, distribution, etc 2020
270 ## - ADDRESS
Address 111,Patparganj Industrial Estate
City Delhi
Postal code 110092
300 ## - PHYSICAL DESCRIPTION
Extent ix;372p.
Dimensions 24cm(pbk)
500 ## - GENERAL NOTE
General note includes index
942 ## - ADDED ENTRY ELEMENTS (KOHA)
Source of classification or shelving scheme Dewey Decimal Classification
Item type English Books
Classification part 004.6782
Call number suffix FOS
Holdings
Withdrawn status Lost status Not for loan Collection code Home library Current library Date acquired Source of acquisition Cost, normal purchase price Full call number Barcode Copy number Cost, replacement price Koha item type
      Non-fiction Central Library Central Library 17/03/2020 DBAD/PUB 995.00 004.6782 FOS EN-111612 1 995.00 English Books

© Delhi Public Library
Hit Counter
free hit counter